Monetary Policy Staetment: (Record no. 6964)
[ view plain ]
| 000 -LEADER | |
|---|---|
| fixed length control field | 00362nam a22001097a 4500 |
| 008 - FIXED-LENGTH DATA ELEMENTS--GENERAL INFORMATION | |
| fixed length control field | 200408b ||||| |||| 00| 0 eng d |
| 245 ## - TITLE STATEMENT | |
| Title | Monetary Policy Staetment: |
| Remainder of title | The Middle Review/ |
| Statement of responsibility, etc. | Governor of Tanzania.- |
| Medium | English. |
| 260 ## - PUBLICATION, DISTRIBUTION, ETC. (IMPRINT) | |
| Place of publication, distribution, etc. | Dar Es Salaam: |
| Name of publisher, distributor, etc. | Bank of Tanzania, |
| Date of publication, distribution, etc. | 2010. |
| 300 ## - PHYSICAL DESCRIPTION | |
| Extent | xiv, 48p; |
| Other physical details | Tables, |
| Dimensions | 21cm.- |
| 650 ## - SUBJECT ADDED ENTRY--TOPICAL TERM | |
| Source of heading or term | MONETARY POLICY |
| 942 ## - ADDED ENTRY ELEMENTS (KOHA) | |
| Source of classification or shelving scheme | |
| Koha item type | BOOKS |
| Withdrawn status | Lost status | Source of classification or shelving scheme | Damaged status | Not for loan | Home library | Current library | Date acquired | Total Checkouts | Barcode | Date last seen | Price effective from | Koha item type |
|---|---|---|---|---|---|---|---|---|---|---|---|---|
| Mwanza | Mwanza | 08/04/2020 | 10000002687 | 08/04/2020 | 08/04/2020 | BOOKS |